Geoffrey Chaucer the nun`s priest`s tale (Record no. 7726)
[ view plain ]
| 000 -LEADER | |
|---|---|
| fixed length control field | 00451cam a2200193ua 4500 |
| 008 - FIXED-LENGTH DATA ELEMENTS--GENERAL INFORMATION | |
| fixed length control field | 150210n ii |||gr||||Z||||||eng |
| 020 ## - INTERNATIONAL STANDARD BOOK NUMBER | |
| International Standard Book Number | 8175810939 |
| 040 ## - CATALOGING SOURCE | |
| Transcribing agency | MAIN |
| 041 ## - LANGUAGE CODE | |
| -- | eng |
| 082 ## - DEWEY DECIMAL CLASSIFICATION NUMBER | |
| Classification number | 821 |
| 100 ## - MAIN ENTRY--PERSONAL NAME | |
| Personal name | Lall, R., |
| Relator term | |
| 245 1# - TITLE STATEMENT | |
| Title | Geoffrey Chaucer the nun`s priest`s tale |
| Statement of responsibility, etc. | By Ramji Lall |
| 250 ## - EDITION STATEMENT | |
| Edition statement | 18th. |
| 260 ## - PUBLICATION, DISTRIBUTION, ETC. | |
| Place of publication, distribution, etc. | New Delhi: |
| Name of publisher, distributor, etc. | Rama, |
| Date of publication, distribution, etc. | 2001. |
| 300 ## - PHYSICAL DESCRIPTION | |
| Extent | 164p. |
| 942 ## - ADDED ENTRY ELEMENTS (KOHA) | |
| Koha item type | Books |
| 653 ## - INDEX TERM--UNCONTROLLED | |
| Uncontrolled term | English poetry |
| Withdrawn status | Lost status | Damaged status | Not for loan | Home library | Current library | Shelving location | Date acquired | Total Checkouts | Full call number | Barcode | Date last seen | Date last checked out | Copy number | Price effective from | Koha item type |
|---|---|---|---|---|---|---|---|---|---|---|---|---|---|---|---|
| Naharkatiya College Library | Naharkatiya College Library | General Stacks | 19/09/2020 | 1 | 821 | LAL | 4558 | 19/11/2024 | 28/10/2024 | 4 | 19/09/2020 | Books | ||||
| Naharkatiya College Library | Naharkatiya College Library | General Stacks | 19/09/2020 | 821 | LAL | 5244 | 19/09/2020 | 1 | 19/09/2020 | Books | ||||||
| Naharkatiya College Library | Naharkatiya College Library | General Stacks | 19/09/2020 | 821 | LAL | 5317 | 19/09/2020 | 2 | 19/09/2020 | Books | ||||||
| Naharkatiya College Library | Naharkatiya College Library | General Stacks | 19/09/2020 | 821 | LAL | 5318 | 19/09/2020 | 3 | 19/09/2020 | Books |
